000
00326nam a22001457a 4500
003
SGT
020
_a
9789353337827
082
_a
324.254
_b
B20G
100
_a
GUPTA, SHANTANU
245
_a
BHARTIYA JANTA PARTY
260
_a
INDIA
_b
RUPA PUB.
_c
2020
300
_a
408
650
_a
INDIAN POLITICAL PARTIES
942
_2
ddc
_c
BK
999
_c
26239
_d
26239